00458 a2200121 4500082001600000100001900016245009600035260005200131300002600183650001600209999001500225952009600240 a363.125 GHE aGhee, Caroline aSocio economic aspects of road accidents in developing countries /cCaroline Ghee...[et al] aEngland :bTransport Research Laboratory,c1997 a29p. ;bill. ;c30 cm aRoad Safety c2296d2296 00104070aNITbNITcCEd0000-00-00l0o363.125 GHEpNIT-3294 r2017-01-05w2017-01-05yBK